00293nam a2200133Ia 4500003000400000005001700004008004100021020001800062040000900080100001400089245003200103260001500135260000900150OSt20231212081026.0170524s9999 xx 000 0 und d a81-7488-629-x ciimt aSinha-P C 0aEcotourism and Mass Tourism bAnmol Pub. c1998